[Event "Zagreb Interzonal"]
[Site "Zagreb"]
[Date "1987.??.??"]
[Round "8"]
[White "Eingorn, Vereslav S"]
[Black "Hulak, Krunoslav"]
[Result "1-0"]
[WhiteElo "2575"]
[BlackElo "2495"]

1.Nf3 Nf6 2.c4 c5 3.Nc3 Nc6 4.d4 cxd4 5.Nxd4 e6 6.g3 Qb6 7.Nb3 Bb4 8.Bg2 d5
9.cxd5 Nxd5 10.O-O Nxc3 11.bxc3 Be7 12.Be3 Qc7 13.Nd4 Bd7 14.Nb5 Qb8 15.Rb1 Nd8
16.Qd4 e5 17.Qc4 Bc6 18.Bc5 a6 19.Bxe7 axb5 20.Qh4 f6 21.Bb4 Bxg2 22.Kxg2 Qc7
23.Rbd1 h5 24.Rd5 Nf7 25.Qe4 Qc6 26.Rfd1 Rd8 27.f3 Rxd5 28.Rxd5 h4 29.Qd3 hxg3
30.hxg3 Qc4 31.Rd7 Qxd3 32.Re7+ Kd8 33.exd3 Ng5 34.Rxg7 Kc8 35.Ba5 Kb8 36.Bc7+ Ka7
37.Bxe5 Nxf3 38.Bxf6 Ne1+ 39.Kf2 Nxd3+ 40.Ke3 Nc1 41.Rxb7+ Kxb7 42.Bxh8 Nxa2
43.g4 Kc6 44.g5 Kd5 45.g6 Ke6 46.Kd2 b4 47.c4  1-0

[Event "Zagreb Interzonal"]
[Site "Zagreb"]
[Date "1987.??.??"]
[Round "17"]
[White "Eingorn, Vereslav S"]
[Black "Hickl, Joerg"]
[Result "1-0"]
[WhiteElo "2575"]
[BlackElo "2455"]

1.d4 Nf6 2.Nf3 c5 3.d5 g6 4.Nc3 Bg7 5.e4 O-O 6.Be2 d6 7.O-O Bg4 8.Bg5 Na6
9.Nd2 Bxe2 10.Qxe2 h6 11.Bh4 Qd7 12.Rad1 Rfe8 13.a4 Nc7 14.Nc4 Qg4 15.Bxf6 Qxe2
16.Nxe2 Bxf6 17.f4 Rad8 18.e5 Bg7 19.Nc3 a6 20.a5 Nb5 21.Na4 g5 22.g3 gxf4
23.gxf4 Kh7 24.c3 f6 25.e6 Rg8 26.Kf2 Nc7 27.Ne3 Na8 28.Nf5 Rde8 29.Kf3 Bf8
30.c4 Rb8 31.Rd3 Kg6 32.Rg1+ Kh7 33.Rxg8 Kxg8 34.Kg4 Kh7 35.Kh5  1-0